-
SINGH, MR.FEREN. 2-PARASHAR, DR. DEEPESH. 3-SHARMA, DR. MANOJ. 4-JAIN, DR. VINAY
Entry Personal Name
Number of records used in: 1
001 - CONTROL NUMBER
003 - CONTROL NUMBER IDENTIFIER
005 - DATE AND TIME OF LATEST TRANSACTION
- control field:
20251121143345.0
008 - FIXED-LENGTH DATA ELEMENTS
- fixed length control field:
251121|| aca||aabn | a|a d
040 ## - CATALOGING SOURCE
- Original cataloging agency:
JRU
- Transcribing agency:
JRU
100 ## - HEADING--PERSONAL NAME
- Personal name:
SINGH, MR.FEREN. 2-PARASHAR, DR. DEEPESH. 3-SHARMA, DR. MANOJ. 4-JAIN, DR. VINAY
670 ## - SOURCE DATA FOUND
- Source citation:
Work cat.: (JRU)8941: SINGH, MR.FEREN. 2-PARASHAR, DR. DEEPESH. 3-SHARMA, DR. MANOJ. 4-JAIN, DR. VINAY. , EXPERIMENTAL PHARMACOLOGY -I PRACTICAL BOOK ACCORDING TO PCI SYLLABUS [FOR B. PHARMA 4TH SEMESTER], 2024